| 000 | 00566nam a2200193 a 4500 | ||
|---|---|---|---|
| 005 | 20220902233032.0 | ||
| 008 | 991125s1976 gua 000 0 spa u | ||
| 035 | _aUPN01000049989 | ||
| 049 | _aCG | ||
| 050 | 4 |
_aPQ8097 R6 _b05.6 |
|
| 100 | 1 |
_aRojas, Waldo, _d1944- |
|
| 245 | 1 | 3 |
_aEl puente oculto y otros poemas / _cWaldo Rojas |
| 260 |
_aGuadajalara : _bGobierno del Estado de Jalisco, Departamento de Bellas Artes, _c1976 |
||
| 300 | _a70 p | ||
| 440 | 0 | _aTextos latinoamericanos | |
| 650 | 0 |
_aPoesÃa chilena _91228 |
|
| 904 |
_aAC _b049991 |
||
| 905 | _aLibro | ||
| 999 |
_c49989 _d49989 |
||